QCM : Trouvez la décennie (60's à 90's) - Statistiques

Statistiques générales
  • Ce quiz a été pris 34 fois
  • Le résultat moyen est 11 sur 20
Statistiques - réponses
Question Réponse % Correct
Tenue du festival de Woodstock Années 60
81%
Démission du Général de Gaulle de la fonction Présidentielle Années 60
81%
Divulgation de la loi Veil sur l'interruption volontaire de grossesse Années 70
81%
Dislocation de l'URSS Années 90
81%
Assassinat de Martin Luther King Années 60
72%
Scandale du Watergate Années 70
66%
Star Wars épisode 6 : le retour du Jedi, sort dans les cinémas français. Années 80
66%
Abolition des lois relatives à l'apartheid en Afrique du Sud Années 90
66%
Le Pape Jean Paul II est blessé par balle par Mehmet Ali Agca Années 80
63%
Le Père Noël est une ordure sort au cinéma Années 80
59%
Décès de Freddy Mercury Années 90
59%
Révolution iranienne menée par l'ayatollah Khomeni Années 70
56%
Sortie de la Super Nintendo en France Années 90
53%
Lancement de la fusée Saturn V dans le cadre de l'opération Apollo 13 Années 70
44%
Boycott des jeux olympiques de Moscou par une cinquantaine de nations Années 80
44%
Sortie du 8ème album du groupe Pink Floyd : Dark side of the Moon Années 70
41%
Instauration des 39h de travail hebdomadaires et de la 5eme semaine de congés payés en France Années 80
41%
Margaret Thatcher est élue Premier Ministre Années 70
38%
Premier des trois titres mondiaux du cycliste Eddy Merckx Années 60
34%
Premier vol d'essai du Concorde Années 60
22%
Aucun quiz correspondant
Distribution des résultats
% des personnes avec chaque résultat
Percentile par nombre de réponses
Votre historique - résultats
Vous n’avez pas pris ce quiz